| 000 | 01012nam a22003491i 4500 | ||
|---|---|---|---|
| 999 |
_c666 _d666 |
||
| 001 | 019652487 | ||
| 003 | UkOxU | ||
| 005 | 20191002084311.0 | ||
| 008 | 130731r20132009enk j 000 f eng|d | ||
| 015 |
_aGBB380558 _2bnb |
||
| 016 | 7 |
_a016490353 _2Uk |
|
| 020 | _a9781909489400 (pbk.) : | ||
| 035 | _a(Uk)016490353 | ||
| 040 |
_aStDuBDS _beng _erda _cStDuBDS _dUk |
||
| 042 | _aukblsr | ||
| 082 | 0 | 4 |
_aFIC DAS _223 |
| 100 | 1 |
_aDashner, James, _d1972- _eauthor. |
|
| 245 | 1 | 4 |
_aThe maze runner / _cJames Dashner. |
| 264 | 1 |
_aFrome : _bChicken House, _c2013. |
|
| 300 |
_a371 pages ; _c20 cm. |
||
| 336 |
_atext _2rdacontent |
||
| 337 |
_aunmediated _2rdamedia |
||
| 338 |
_avolume _2rdacarrier |
||
| 490 | 0 |
_aMaze runner ; _v1 |
|
| 500 | _aOriginally published: New York: Delacorte, 2009. | ||
| 500 |
_aFormerly CIP. _5Uk |
||
| 655 | 0 | _aDystopias. | |
| 655 | 0 | _aYoung adult fiction. | |
| 942 |
_2ddc _cFIC |
||